| 000 | 01079nam a2200277 a 4500 | ||
|---|---|---|---|
| 001 | 51879 | ||
| 003 | BD-RjUL | ||
| 005 | 20211209075726.0 | ||
| 008 | 160904s2011 bg ab g b 001 0 eng d | ||
| 020 | _a9789845120005 | ||
| 035 | _a(BD-RjUL)51999 | ||
| 040 |
_aDKAGE _beng _cDKAGE _dOCLCO _dBD-RjUL |
||
| 041 | _aeng | ||
| 082 | 0 | 4 |
_a737.495492 _223 _bAHM 2011 |
| 100 | 1 |
_aAhameda, Bulabula _9155166 |
|
| 245 | 1 | 4 |
_aThe Mahasthan hoard II of silver punch-marked coins / _cBulbul Ahmed, Md. Noorul Islam. |
| 260 |
_aDhaka : _bAsiatic Society of Bangladesh, _c2011 |
||
| 300 |
_axi, 187 p. : _bill. ; _c25 cm. |
||
| 500 | _aOriginally presented as the first author's thesis (M. Phil.--Jahangirnagar University, 2008) under the title: Punch-marked coins of Bangladesh : a numismatic study. | ||
| 504 | _aIncludes index and bibliographical references (p. [793]-796). | ||
| 650 | 0 |
_aCoins, Ancient _zBangladesh. _9155167 |
|
| 650 | 0 |
_aCoin hoards _zBangladesh. _9155168 |
|
| 651 | 0 |
_aMahasthan Site (Bangladesh) _9155169 |
|
| 700 | 1 |
_aIslam, Noorul, Md., _9155170 |
|
| 942 |
_2ddc _cBK |
||
| 999 |
_c51879 _d51879 |
||